00739 a2200193 45000010006000000050017000060080041000230030015000640400040000790800117001192450098002360200022003342500012003562640034003683000019004025050090004210410008005111000026005196286720260407155923.0260407a1991 arg spa dAR-UNSa-BCEJYS aAR-UNSa-BCEJYSbspacAR-UNSa-BCEJYS a352xNiveles inferiores de la administración. Gobierno local. Administración municipal. Autoridades locales 10aReforma del estadopPropiedad pública, gestión privada y descentralización de servicios a978-950-556-284-8 a2a. ed. 1aBuenos Aires :bGalernac1991 a189 p.c20 cm. a1. Una brece caracterización de la municipalidad de la ciudad de Buenos Aires - 2.  aspa1 aFelcman, Isidoro Luis